MARC details
| 000 -CABECERA |
| campo de control de longitud fija |
01819nam a22002653i 4500 |
| 001 - NÚMERO DE CONTROL |
| campo de control |
10638925 |
| 003 - IDENTIFICADOR DEL NÚMERO DE CONTROL |
| campo de control |
CaAEU |
| 006 - CÓDIGOS DE INFORMACIÓN DE LONGITUD FIJA--CARACTERÍSTICAS DEL MATERIAL ADICIONAL |
| campo de control de longitud fija |
m o d |
| 007 - CAMPO FIJO DE DESCRIPCIÓN FÍSICA--INFORMACIÓN GENERAL |
| campo de control de longitud fija |
cr cn||||||||| |
| 008 - DATOS DE LONGITUD FIJA--INFORMACIÓN GENERAL |
| campo de control de longitud fija |
250425s2025 xx o ||||0 eng d |
| 020 ## - NÚMERO INTERNACIONAL ESTÁNDAR DEL LIBRO |
| Número Internacional Estándar del Libro |
9781398619388 |
| 035 ## - NÚMERO DE CONTROL DEL SISTEMA |
| Número de control de sistema |
on1517395519 |
| 037 ## - FUENTE DE ADQUISICIÓN |
| Número de adquisición |
4194417 |
| Fuente del número de adquisición |
EBSCO |
| 040 ## - FUENTE DE LA CATALOGACIÓN |
| Centro catalogador/agencia de origen |
CaONFJC |
| Lengua de catalogación |
eng |
| Centro/agencia transcriptor |
CaONFJC |
| Normas de descripción |
rda |
| Centro/agencia modificador |
AEU |
| 041 ## - CÓDIGO DE LENGUA |
| Código de lengua del texto/banda sonora o título independiente |
eng |
| 100 ## - ENTRADA PRINCIPAL--NOMBRE DE PERSONA |
| Nombre de persona |
Faus, Ashley |
| 9 (RLIN) |
25277 |
| Término indicativo de función/relación |
author |
| 245 10 - MENCIÓN DE TÍTULO |
| Título |
Human-centered marketing |
| Resto del título |
: how to connect with audiences in the age of AI |
| Mención de responsabilidad, etc. |
/ Ashley Faus. |
| 250 ## - MENCIÓN DE EDICIÓN |
| Mención de edición |
First edition. |
| 260 ## - PUBLICACIÓN, DISTRIBUCIÓN, ETC. |
| Lugar de publicación, distribución, etc. |
London : |
| Nombre del editor, distribuidor, etc. |
Kogan Page, Limited, |
| Fecha de publicación, distribución, etc. |
2025. |
| 300 ## - DESCRIPCIÓN FÍSICA |
| Extensión |
240 pages : |
| Otras características físicas |
illustrations, charts (black and white) ; |
| Dimensiones |
23 cm. |
| 520 ## - SUMARIO, ETC. |
| Sumario, etc. |
With the rise of AI, excess of distribution channels, and focus on tracking every touchpoint in order to drive revenue, consumer trust is at an all-time low. To restore trust, brands need to create delightful, seamless, and impactful journeys to connect with the humans behind the screen.<br/><br/>Human-Centered Marketing introduces three frameworks to help mid-senior-level marketers find, connect with, and convert audiences. The book helps you map an audience journey that behaves like a playground instead of a linear funnel, evolve the approach to social media to go beyond conversations and instead facilitate and engage with the community and build thought leaders, to build trust and move your audience into the future.<br/><br/>Each chapter includes practical advice to help seasoned marketers shift their strategy and offers tactical implementation recommendations. All chapters include real-world examples from companies like Adobe, HubSpot, and Edelman to demonstrate that this shift from the standard playbook actually works. |
| 650 #0 - PUNTO DE ACCESO ADICIONAL DE MATERIA--TÉRMINO DE MATERIA |
| Término de materia o nombre geográfico como elemento de entrada |
Marketing |
| 9 (RLIN) |
1020 |
| 650 #0 - PUNTO DE ACCESO ADICIONAL DE MATERIA--TÉRMINO DE MATERIA |
| Término de materia o nombre geográfico como elemento de entrada |
Artificial Intelligence |
| 9 (RLIN) |
14147 |
| 942 ## - ELEMENTOS DE ENTRADA AGREGADA (KOHA) |
| Fuente del sistema de clasificación o colocación |
Clasificación de Library of Congress |